[Event "GCT Paris Rapid 2019"]
[Site "Paris"]
[Date "2019.07.28"]
[Round "6.4"]
[White "Mamedyarov, Shakhriyar"]
[Black "Giri, Anish"]
[Result "1-0"]
[WhiteElo "2765"]
[BlackElo "2779"]
[Annotator "TA"]
[PlyCount "85"]
[EventDate "2019.07.26"]
[EventType "tourn"]
[EventCountry "FRA"]
[SourceTitle "playchess.com"]
[Source "ChessBase"]
[SourceQuality "1"]

{[%evp 9,85,0,-8,-32,8,25,22,0,18,-11,19,15,77,68,71,83,127,102,107,122,122,112,124,116,142,142,137,135,152,138,195,146,145,155,161,145,129,64,64,48,56,51,48,0,0,-94,-71,-116,-104,-131,-62,-74,-29,-65,0,0,0,-3,0,0,0,0,0,3,33,19,17,0,0,6,652,506,29970,29970,29978,29979,29977,29978]} 1. d4 Nf6 2. Bg5 d5 3. Bxf6 gxf6 4. c4 e5 (4... dxc4 5. e3 c5 6. d5 b5 7. a4 Bb7 8. axb5 Qxd5 9. Qxd5 Bxd5 10. Nc3 Bb7 11. Be2 Nd7 12. Bf3 Bxf3 13. Nxf3 {1-0 (24) Duda,J (2738)-Gelfand,B (2673) St Petersburg 2018}) 5. e3 exd4 6. exd4 {D00: 1 d4 d5: Unusual lines} Bb4+ $146 ({Predecessor:} 6... Qe7+ 7. Be2 dxc4 8. Nc3 c6 9. d5 b5 10. Qd4 Bg7 11. Nf3 O-O 12. d6 {0-1 (52) Pecnik,L (2339)-Von Bahr,O (2379) Split 2015}) 7. Nc3 O-O 8. Qf3 {The position is equal.} Re8+ 9. Nge2 dxc4 (9... Bxc3+ $5 10. bxc3 dxc4 $11) 10. O-O-O $1 {With the idea Nd5.} Kh8 (10... Nd7 $1 $11 {keeps the balance.}) 11. Ng3 $16 Bxc3 12. bxc3 Be6 13. d5 $1 $36 {[%cal Rd5e6][%mdl 2048] Black is under strong pressure.} ({Worse is} 13. Qxb7 Bd5 $15) 13... Bc8 14. Bxc4 {Threatens to win with d6.} Nd7 15. Qh5 Ne5 16. Rd4 $1 {[%cal Rd4h4] And now Rh4 would win.} Rg8 17. Bb3 $1 Qf8 18. Re1 Rg6 {Threatening ...Bg4.} 19. Qe2 Qh6+ (19... c5 $16 {was necessary.} 20. Re4 Bg4) 20. f4 {Strongly threatening Qd2.} Qxh2 21. Nf1 Qh6 22. Nd2 {[%mdl 1024] White has strong compensation.} Bg4 {[#]} 23. Qb5 (23. Qe3 $1 $16 Nd7 24. d6) 23... Qh4 $14 24. Rde4 a6 25. Qf1 $1 ({Don't go for} 25. Qxb7 $2 Nd3+ 26. Kb1 Rag8 $19) 25... Nd7 $1 26. d6 Nc5 $1 {[%cal Rc5e4]} 27. Re8+ {[#]} (27. dxc7 $11 Nxe4 28. Nxe4) 27... Rg8 $1 $17 28. Rxa8 Rxa8 29. Re3 cxd6 ({Black should play} 29... Nxb3+ $17 30. axb3 cxd6) 30. Bxf7 $15 Qh6 31. Bd5 Qf8 (31... Rf8 $15) 32. Qe1 $11 Bf5 {...Nd3+ is the strong threat.} 33. Qe2 Bg6 34. Nb3 Rb8 35. g4 Nxb3+ 36. axb3 b5 37. f5 Bf7 38. Bxf7 Qxf7 39. Kb2 d5 $2 {[%mdl 8192]} (39... Qd5 $11) 40. Re7 $18 Qf8 {[#]} (40... Qg8 $18 41. Qh2 Re8) 41. g5 $1 {[%cal Rg5g6][%mdl 576] Deflection. White mates.} fxg5 42. Qe5+ {[%mdl 64] Double Attack} Kg8 43. f6 {Accuracy: White = 60%, Black = 42%.} 1-0

[Event "GCT Paris Rapid 2019"]
[Site "Paris"]
[Date "2019.07.28"]
[Round "6.5"]
[White "Nakamura, Hikaru"]
[Black "Dubov, Daniil"]
[Result "1-0"]
[WhiteElo "2754"]
[BlackElo "2700"]
[Annotator "TA"]
[PlyCount "81"]
[EventDate "2019.07.26"]
[EventType "tourn"]
[EventCountry "FRA"]
[SourceTitle "playchess.com"]
[Source "ChessBase"]
[SourceQuality "1"]

{[%evp 17,80,30,30,20,30,31,25,23,25,25,33,38,65,56,100,105,110,88,79,83,102,81,95,45,182,109,139,130,154,156,139,150,211,162,162,157,189,169,173,111,173,160,191,186,195,191,311,264,266,266,350,350,329,205,196,201,960,952,882,879,29997,29998,29998,29999,29999]} 1. c4 Nf6 2. Nc3 c5 3. g3 e6 4. Nf3 d5 5. cxd5 exd5 6. d4 Nc6 7. Bg2 cxd4 8. Nxd4 Bc5 9. Nxc6 bxc6 10. O-O {D33: Tarrasch Defence: 6 g3 sidelines} O-O 11. Na4 (11. Bg5 h6 12. Bd2 Re8 13. Rc1 Ba6 14. Bf3 Bb6 15. Qa4 Bb7 16. Qc2 Rc8 17. Na4 c5 18. Nxb6 axb6 {0-1 (35) Maslar,A (1876)-Poleksic,D (2004) Belgrade 2018}) 11... Bb6 12. Nxb6 {White has an edge.} axb6 13. Qc2 c5 $146 ({Predecessor:} 13... Qd7 14. b4 Ba6 15. Be3 Rab8 16. Bd4 Qd6 17. Qc3 Bxe2 {½-½ (17) Reuter,A (1578)-Reimann,T (1383) Germany 2003}) 14. Bg5 Be6 15. e4 d4 16. e5 $36 {[%mdl 2048] White is really pushing.} h6 17. exf6 hxg5 18. fxg7 Re8 19. Bxa8 Qxa8 20. f4 {[#] f5 is the strong threat.} Qd5 (20... Bh3 $14 21. Rfe1 (21. fxg5 d3 $17) 21... gxf4) 21. Qe2 ({Better is} 21. Rae1 $18) 21... g4 22. Rfe1 ({Resist} 22. f5 $6 Bd7 $11) 22... d3 23. Qe5 {Black must now prevent Qxd5.} Rd8 {next ...d2 is good for Black.} 24. Rad1 c4 (24... Qxe5 $16 25. Rxe5 Bxa2) 25. Qxd5 Bxd5 $18 {[%mdl 4096] Endgame KRR-KRB} 26. Rd2 b5 27. a3 Kxg7 28. Kf2 (28. Re5 $18) 28... Kg6 (28... Kf8 $16 29. b3 Ra8) 29. Re5 f6 30. Re7 Rb8 31. Ke3 b4 (31... Kf5 {was worth a try.} 32. Kd4 Bg8) 32. axb4 Rxb4 33. Kd4 Bg8 34. f5+ Kh6 35. h3 gxh3 36. Rh2 Rb8 $2 {[#]} (36... d2 37. Rxh3+ (37. Rxd2 c3+ 38. Kxc3 Rg4 $18) 37... Kg5 38. Rg7+ Kxf5) 37. Ke4 Bd5+ 38. Kxd5 d2 39. Rxh3+ {White mates.} Kg5 40. Rg7+ Kxf5 41. Rh5# {Accuracy: White = 70%, Black = 29%.} 1-0

[Event "GCT Paris Rapid 2019"]
[Site "Paris"]
[Date "2019.07.29"]
[Round "7.1"]
[White "Vachier-Lagrave, Maxime"]
[Black "Nakamura, Hikaru"]
[Result "1/2-1/2"]
[WhiteElo "2775"]
[BlackElo "2754"]
[Annotator "TA"]
[PlyCount "48"]
[EventDate "2019.07.26"]
[EventType "tourn"]
[EventCountry "FRA"]
[SourceTitle "playchess.com"]
[Source "ChessBase"]
[SourceQuality "1"]

{[%evp 18,48,15,7,26,11,16,16,24,30,20,0,13,0,0,0,0,-16,0,0,-8,-15,0,-3,0,-23,-23,-17,-17,-16,-18,-25,-24]} 1. e4 e5 2. Nf3 Nc6 3. Bb5 Nf6 4. O-O Nxe4 5. d4 Nd6 6. Bxc6 dxc6 7. dxe5 Nf5 8. Qxd8+ Kxd8 9. h3 Ke8 10. Nc3 h5 {C67: Ruy Lopez: Berlin Defence: 4 0-0 Nxe4} 11. Bf4 Be7 12. Rad1 Be6 {The position is equal.} 13. Ng5 Rh6 14. Rfe1 Bb4 15. a3 Bxc3 16. bxc3 h4 17. Ne4 Rg6 18. g4 {[#] Bg5 is the strong threat.} hxg3 $1 19. fxg3 {[#]} Kf8 $146 20. Kf2 Ne7 21. h4 Nd5 22. Bg5 Bf5 $1 {[%cal Rf5e4] White must now prevent ...Bxe4.} 23. h5 {[#]} Nxc3 $1 {[%mdl 512]} 24. hxg6 (24. Nxc3 Rxg5) 24... Nxe4+ {Accuracy: White = 60%, Black = 69%.} 1/2-1/2

[Event "GCT Paris Rapid 2019"]
[Site "Paris"]
[Date "2019.07.29"]
[Round "7.2"]
[White "Anand, Viswanathan"]
[Black "Mamedyarov, Shakhriyar"]
[Result "0-1"]
[WhiteElo "2764"]
[BlackElo "2765"]
[Annotator "TA"]
[PlyCount "48"]
[EventDate "2019.07.26"]
[EventType "tourn"]
[EventCountry "FRA"]
[SourceTitle "playchess.com"]
[Source "ChessBase"]
[SourceQuality "1"]

{[%evp 12,48,38,34,31,36,57,18,20,21,22,19,43,42,37,35,75,63,68,79,93,100,95,26,36,0,0,0,0,0,0,0,0,0,0,-943,-967,-976,-934]} 1. e4 d5 2. exd5 Qxd5 3. Nc3 Qa5 4. d4 Nf6 5. Nf3 Bf5 6. Ne5 c6 7. Bf4 Nbd7 {B01: Scandinavian Defence} 8. Nc4 Qd8 $1 9. d5 (9. Ne3 $5 {[%cal Re3f5]} Be6 10. Be2 $14) (9. Qe2 Be6 10. Ne5 g6 11. O-O-O Bg7 12. h4 Qa5 13. Kb1 Nxe5 14. Bxe5 O-O 15. Qe1 {0-1 (46) Shomoev,A (2561)-Laznicka,V (2666) Ho Chi Minh City 2016}) 9... cxd5 {The position is equal.} 10. Ne3 $146 ({Predecessor:} 10. Nxd5 e5 11. Nde3 Bxc2 12. Nxc2 exf4 13. Qe2+ Be7 14. Nd6+ Kf8 15. O-O-O {½-½ (42) Morawietz,D (2438)-Coenen,N (2379) Germany 2007}) 10... Be6 11. Qd2 {[%cal Re3d5]} Qa5 12. O-O-O {[%mdl 1024] White has compensation.} g5 13. Bg3 $1 ({Weaker is} 13. Bxg5 d4 $1 $17 {[%mdl 512]}) 13... Rc8 14. Bb5 Bg7 15. Be5 {[%cal Re3d5]} Rc5 16. Bxd7+ $1 Kxd7 {[#]} 17. Nexd5 ({White should try} 17. Ncxd5 $1 $16 {[%mdl 512]} Qxd2+ (17... Rxd5 18. Qxa5) 18. Rxd2) 17... Bxd5 $11 18. Qxg5 (18. Bxf6 $5 Bxf6 19. Nxd5 $14) 18... Rg8 19. Nxd5 Nxd5 20. Bxg7 {Qf5+ is the strong threat.} Qxa2 {Threatens to win with ...f6.} 21. Qf5+ {[%mdl 64] Double Attack} Kc6 22. Bd4 $1 {[%cal Rd4c5]} ({Don't go for} 22. Qxh7 $2 {[#]} Rxg7 $1 {[%mdl 512]} 23. Qxg7 Nb4 $19) 22... Rc4 {aiming for ...Qa1+.} 23. Rhe1 $2 {[%mdl 8192]} (23. c3 $11) 23... Qa1+ $19 24. Kd2 Rxd4+ {Accuracy: White = 60%, Black = 62%.} 0-1

[Event "GCT Paris Rapid 2019"]
[Site "Paris"]
[Date "2019.07.29"]
[Round "7.3"]
[White "Dubov, Daniil"]
[Black "Duda, Jan-Krzysztof"]
[Result "1/2-1/2"]
[WhiteElo "2700"]
[BlackElo "2729"]
[Annotator "TA"]
[PlyCount "57"]
[EventDate "2019.07.26"]
[EventType "tourn"]
[EventCountry "FRA"]
[SourceTitle "playchess.com"]
[Source "ChessBase"]
[SourceQuality "1"]

{[%evp 22,57,17,16,24,8,10,0,29,19,31,15,25,19,32,0,25,0,0,0,0,12,12,10,39,0,29,0,0,0,0,0,0,0,0,-18,0,-40]} 1. d4 d5 2. c4 c6 3. Nf3 Nf6 4. g3 g6 5. b3 Bg7 6. Bb2 O-O 7. Bg2 a5 8. Nc3 Ne4 9. O-O Bf5 10. Rc1 Nxc3 11. Bxc3 Be4 12. e3 e6 {D78: Fianchetto Grünfeld: 6 0-0 c6} 13. Qe2 Nd7 14. Rfd1 {[#]} f5 $146 ({Predecessor:} 14... a4 15. Bf1 Bxf3 16. Qxf3 axb3 17. axb3 Qb6 18. Rb1 Ra3 19. c5 Qc7 20. Qe2 Rfa8 {0-1 (56) Nikolic,P (2627)-Kazhgaleyev,M (2600) Livry Gargan 2005}) 15. Ne5 {[#] Threatens to win with Nxd7.} Nxe5 16. dxe5 {Black must now prevent f3.} Bxg2 $1 17. Kxg2 Qd7 18. f4 b5 19. Rc2 Rfc8 20. cxb5 cxb5 {[#] ...Qc6 is the strong threat.} 21. Rdc1 Bf8 22. Bd4 b4 23. Bb6 Rxc2 24. Rxc2 Qb7 {The position is equal.} 25. Bd4 Kf7 26. g4 fxg4 27. Qxg4 Rc8 28. Rf2 Qd7 29. Qh4 {Accuracy: White = 26%, Black = 38%.} 1/2-1/2

[Event "GCT Paris Rapid 2019"]
[Site "Paris"]
[Date "2019.07.29"]
[Round "7.4"]
[White "Nepomniachtchi, Ian"]
[Black "Grischuk, Alexander"]
[Result "0-1"]
[WhiteElo "2775"]
[BlackElo "2766"]
[Annotator "TA"]
[PlyCount "102"]
[EventDate "2019.07.26"]
[EventType "tourn"]
[EventCountry "FRA"]
[SourceTitle "playchess.com"]
[Source "ChessBase"]
[SourceQuality "1"]

{[%evp 9,102,4,9,4,21,0,9,0,8,0,10,0,5,0,0,-12,0,0,0,-26,0,-11,0,-16,0,-35,1,-22,-24,-22,-25,-22,-29,-31,-28,-21,-31,-57,-50,-74,-72,-99,-43,-68,-73,-110,-112,-188,-196,-185,-191,-189,-182,-177,-166,-214,-197,-221,-234,-220,-176,-180,-133,-637,-630,-620,-273,-274,-258,-256,-256,-256,-256,-250,-250,-250,-243,-243,-231,-385,-380,-532,-294,-474,-420,-444,-431,-532,-517,-512,-470,-468,-461,-330,-281]} 1. e4 e5 2. Nf3 Nc6 3. Bb5 Nf6 4. d3 Bc5 5. Nbd2 (5. c3 O-O 6. O-O d6 7. Ba4 Ne7 8. Bc2 Ng6 9. d4 Bb6 10. a4 c6 11. dxe5 Nxe5 12. Nxe5 dxe5 13. Qxd8 Rxd8 14. a5 Bc5 {1-0 (39) Carlsen,M (2845)-Grischuk,A (2771) Shamkir 2019}) 5... d6 6. c3 {C65: Ruy Lopez: Berlin Defence (3...Nf6), unusual lines and 4 0-0 Bc5} O-O 7. h3 (7. O-O Ne7 8. d4 exd4 9. cxd4 Bb6 10. Re1 Bg4 11. h3 Bh5 12. Qb3 Nc6 13. d5 Nb8 14. Bf1 Nbd7 15. Qc2 {0-1 (26) Nepomniachtchi,I (2757)-Grischuk,A (2766) chess.com INT 2018}) 7... Bb6 8. Nc4 {The position is equal.} Ne7 9. Nxb6 axb6 10. Ba4 Ng6 11. O-O Be6 12. Bc2 $146 ({Predecessor:} 12. Re1 h6 13. d4 c6 14. Bc2 Qc7 15. Be3 b5 {½-½ (25) Smirin,I (2663)-Quesada Perez,Y (2636) Rockville 2013}) 12... c5 13. a3 d5 14. Ng5 Bc8 15. exd5 h6 16. Nf3 Qxd5 17. Bb3 Qd6 18. Be3 Be6 19. d4 cxd4 20. cxd4 e4 21. Nd2 Bxb3 22. Qxb3 Rfe8 23. Nc4 Qe6 $1 24. Rac1 Nd5 25. Ne5 Rad8 (25... Nh4 $17 26. Qb5 Red8) 26. Rfe1 Kh7 27. a4 f5 28. a5 (28. Rc4 $17 {was called for.}) 28... bxa5 $19 29. Qxb7 Nxe5 30. dxe5 Nxe3 31. Rxe3 Qxe5 32. Rg3 Re7 $1 {[%cal Re7b7]} 33. Qb6 Rd6 34. Qb3 f4 35. Rgc3 Red7 36. Re1 $2 {[%mdl 8192] [#]} (36. Rc5 $17 Rd5 37. Rxd5 Qxd5 38. Qa4) 36... Rd2 $1 37. Rc8 R7d5 (37... e3 $142 38. f3 Qd5 39. Qxd5 R7xd5) 38. Qb8 Qxb8 39. Rxb8 {[%mdl 4096] Endgame [#] KRR-KRR} e3 $1 {[%cal Re3f2][%mdl 512]} 40. fxe3 {[#]} Rg5 $1 {[%mdl 512]} 41. exf4 Rgxg2+ 42. Kh1 Rh2+ ({Resist} 42... Rxb2 43. Rxb2 Rxb2 44. Ra1 $17) 43. Kg1 Rxh3 44. b4 $2 (44. Re5) 44... Rg3+ 45. Kf1 Rf3+ 46. Kg1 Rb2 47. b5 Rxf4 48. Rb7 Rf5 49. b6 Rf6 50. Ree7 Rg6+ 51. Kf1 a4 {Accuracy: White = 29%, Black = 72%.} ({Stronger than} 51... Rgxb6 52. Rxg7+ Kh8 53. Rh7+ Kg8 54. Rhg7+ Kh8 55. Rh7+ Kg8 56. Rhg7+ Kh8 $11) 0-1

[Event "GCT Paris Rapid 2019"]
[Site "Paris"]
[Date "2019.07.29"]
[Round "7.5"]
[White "Giri, Anish"]
[Black "Caruana, Fabiano"]
[Result "1/2-1/2"]
[WhiteElo "2779"]
[BlackElo "2819"]
[Annotator "TA"]
[PlyCount "64"]
[EventDate "2019.07.26"]
[EventType "tourn"]
[EventCountry "FRA"]
[SourceTitle "playchess.com"]
[Source "ChessBase"]
[SourceQuality "1"]

{[%evp 22,64,23,18,16,17,49,43,60,57,77,48,77,43,57,80,64,0,32,0,60,0,58,64,68,33,37,11,12,0,10,0,25,20,31,46,54,33,41,49,38,0,46,0,60]} 1. Nf3 c5 2. c4 Nf6 3. Nc3 d5 4. cxd5 Nxd5 5. d4 Nxc3 6. bxc3 g6 7. e4 Bg7 8. Rb1 O-O 9. Be2 b6 10. O-O Bb7 11. Qd3 e6 12. Bg5 Qd6 {D85: Exchange Grünfeld: Unusual White 7th moves and lines with 7 Nf3} 13. Qe3 Nd7 14. Rfd1 cxd4 {White is slightly better.} 15. cxd4 {[#]} Rac8 $146 ({Predecessor:} 15... Rfc8 16. h4 Rc2 17. a4 Rac8 18. a5 R2c3 19. Rd3 Qa3 20. axb6 axb6 21. Rxc3 Qxc3 22. Qxc3 Rxc3 {1-0 (46) Nyback,T (2650)-Kulaots,K (2580) Harjumaa 2010}) 16. a4 a5 17. Bb5 Bc6 $1 18. Bf4 Qe7 19. Bg5 Qd6 $1 20. Bf4 Qe7 21. Bg5 (21. e5 $14) 21... f6 (21... Qd6 $1 $11) 22. Bxc6 $14 Rxc6 23. Bh4 Rc4 24. Ra1 Qb4 25. Bg3 Rfc8 26. h4 h6 27. Qd3 Kh7 28. Bf4 Qc3 29. Qe2 Qc2 30. Rd2 Qc3 31. Rdd1 {[#] Hoping for Bd2.} Qc2 32. Rd2 Qc3 {Accuracy: White = 47%, Black = 59%.} 1/2-1/2

[Event "GCT Paris Rapid 2019"]
[Site "Paris"]
[Date "2019.07.29"]
[Round "8.1"]
[White "Duda, Jan-Krzysztof"]
[Black "Vachier-Lagrave, Maxime"]
[Result "0-1"]
[WhiteElo "2729"]
[BlackElo "2775"]
[Annotator "TA"]
[PlyCount "46"]
[EventDate "2019.07.26"]
[EventType "tourn"]
[EventCountry "FRA"]
[SourceTitle "playchess.com"]
[Source "ChessBase"]
[SourceQuality "1"]

{[%evp 11,46,12,18,2,13,12,7,8,4,0,9,2,0,0,0,0,0,0,0,-29,-29,-30,-1,-58,-45,-75,-75,-151,-151,-233,-188,-400,-395,-579,-554,-1075,-1075]} 1. e4 c5 2. Nf3 d6 3. Bb5+ Nd7 4. d4 cxd4 5. Qxd4 a6 6. Bxd7+ Bxd7 7. Bg5 {B51: Sicilian: Moscow Variation (3 Bb5+) without 3...Bd7} h6 8. Bh4 Qa5+ 9. Nc3 {The position is equal.} e5 10. Qd3 g5 11. Bg3 Nf6 12. h4 $146 ({Predecessor:} 12. Nd2 Rc8 13. h4 {0-1 (39) Sutovsky,E (2666)-Papa,S (2399) Geneve 2004}) 12... g4 $36 {[%mdl 2048] Black has some pressure.} 13. Nd2 Rc8 14. h5 Be6 15. Bh4 Nxh5 {...Nf4 is the strong threat.} 16. g3 Rg8 (16... Qb6 $5 {[%cal Rb6b2]} 17. Nb3 Rg8 $15) 17. Nd5 {[#]} (17. Nf1 $11) 17... f5 $1 $15 {[%cal Rf5e4][%mdl 512] aiming for ...fxe4.} 18. c4 (18. exf5 Qxd5) 18... Bxd5 19. cxd5 {[#]} (19. exd5 $142 e4 20. Qe3) 19... f4 $1 $17 20. a4 (20. O-O $17) 20... Qb6 21. b3 $2 (21. Qb3 Qxb3 22. Nxb3) 21... Qb4 $19 22. Kd1 (22. Qe2 {was called for.}) 22... Rc3 23. Qe2 {If White can now play Rc1 this consolidates a bit.} f3 {Accuracy: White = 21%, Black = 90%.} 0-1

[Event "GCT Paris Rapid 2019"]
[Site "Paris"]
[Date "2019.07.29"]
[Round "8.2"]
[White "Nakamura, Hikaru"]
[Black "Nepomniachtchi, Ian"]
[Result "0-1"]
[WhiteElo "2754"]
[BlackElo "2775"]
[Annotator "TA"]
[PlyCount "186"]
[EventDate "2019.07.26"]
[EventType "tourn"]
[EventCountry "FRA"]
[SourceTitle "playchess.com"]
[Source "ChessBase"]
[SourceQuality "1"]

{[%evp 19,186,22,27,22,22,17,17,27,28,17,18,14,27,14,44,35,35,33,26,25,26,29,23,28,32,40,68,43,31,43,40,40,84,57,83,96,116,35,37,7,0,0,0,0,-7,-83,-79,-84,-69,-220,-207,-138,-33,-34,-34,-33,-33,-33,-8,-33,-45,-34,-48,-35,-8,-193,-213,-206,-212,-211,-209,-191,-203,-231,-210,-206,-195,-195,-148,-195,-151,-146,-31,-141,-88,-106,-95,-141,-88,-71,-88,-97,-92,-99,-22,-193,-204,-243,-150,-150,-106,-108,-106,-106,-105,-105,-105,-105,-105,-105,-105,-105,-105,-105,-105,-106,-106,-120,-120,-113,-113,-1041,-1003,-787,-340,-340,-340,-340,-192,-192,-192,-192,-192,-192,-117,-152,-112,-112,-112,-112,-8,-8,-8,-8,-8,-8,-8,-66,-68,-75,-80,-80,-80,-80,0,-80,-80,-29981,-29982,-29982,-29983,-29983,-29984,-29984,-29985,-29985,-29986,-29984,-29984]} 1. d4 Nf6 2. c4 g6 3. Nc3 d5 4. cxd5 Nxd5 5. e4 Nxc3 6. bxc3 Bg7 7. Be3 c5 8. Qd2 Qa5 9. Rc1 Nd7 10. Nf3 O-O 11. Bd3 {D85: Exchange Grünfeld: Unusual White 7th moves and lines with 7 Nf3} (11. Bh6 Nf6 12. Bd3 Rd8 13. d5 c4 14. Bb1 e6 15. O-O exd5 16. e5 Ne4 17. Qf4 Bh8 18. Rfe1 Re8 19. Bxe4 dxe4 20. Qxe4 {½-½ (30) Nakamura,H (2816)-Nepomniachtchi,I (2705) Baku 2015}) 11... e5 12. d5 f5 13. Qc2 {[%cal Re4f5] The position is equal.} (13. Bh6 fxe4 14. Bxe4 Qa4 15. Bc2 Qg4 16. Qg5 Nf6 17. Bxg7 Kxg7 18. Rd1 Qc4 {½-½ (71) Onischuk,A (2647)-Wei,Y (2733) Astana 2019}) 13... f4 $146 ({Predecessor:} 13... Nf6 14. Ng5 Bh6 15. Bd2 Bxg5 16. Bxg5 b5 17. Qd2 fxe4 18. Be2 c4 {½-½ (31) Ronat,O (2317)-Klochan,P (2295) ICCF email 2015}) 14. Bd2 b5 15. c4 b4 16. O-O Qc7 17. a3 $36 {[%mdl 2048] White fights for an advantage.} a5 18. axb4 axb4 19. Ra1 Ra7 20. Rxa7 Qxa7 21. Bc1 Nb6 22. Bb2 Qe7 23. Ra1 g5 24. Ne1 g4 25. Bf1 Bd7 26. Nd3 Ra8 27. Rxa8+ Nxa8 28. Qc1 (28. Nxb4 $16 cxb4 29. c5) 28... Nb6 $14 29. Qa1 {Strongly threatening Qa7.} Nxc4 {[#]} 30. Nxb4 $1 {[%mdl 512]} cxb4 ({Of course not} 30... Nxb2 31. Nc6 $16) 31. Bxc4 Qc5 32. Bb3 (32. Qf1 $11 {keeps the balance.}) 32... g3 $1 $17 33. Qe1 Bf6 34. hxg3 $2 ({White should try} 34. Qe2 $1 $15) 34... fxg3 $19 35. Qe2 Bh4 (35... Bg5 $1 $17 36. Qc2 (36. Bxe5 $2 Qc1+ 37. Bd1 Ba4 $19) 36... Qd6) 36. Bc4 $1 $15 Qxf2+ 37. Qxf2 gxf2+ {[%mdl 4096] Endgame KBB-KBB} 38. Kh2 $1 ({Reject} 38. Kf1 Bg3 $17) 38... Ba4 39. g3 {[#]} Bb3 $1 {[%mdl 512]} 40. Bf1 (40. Bxb3 f1=Q) 40... Bd8 41. Kg2 Bc2 42. Kf3 $2 (42. Kxf2 $11 {and White has nothing to worry.} Bxe4 43. d6) 42... Bc7 $19 43. Kxf2 Bxe4 44. Bc4 Kg7 45. Bb3 Kf6 46. Bc1 Bb6+ 47. Ke2 Bc5 48. g4 Bb1 49. Bd2 Bg6 50. Bh6 Be8 (50... Bd6 $17 51. Ke3 Bb1) 51. Kf3 (51. Bc2 $1 $15) 51... Kg6 (51... Bd6 $142 52. Ke2 Bg6) 52. Bd2 Bd6 53. Bc1 Bb5 (53... Kf6 $142 54. Ke2 Bg6) 54. Bc2+ $17 Kg7 $1 55. Ke4 Be8 56. Kf3 Bg6 (56... h5 $17 57. gxh5 Bxh5+ 58. Ke3 Be7) 57. Bb3 $2 (57. Bxg6 $11 {and White is okay.} Kxg6 58. Ke4) 57... Kf6 $19 58. Be3 Bd3 59. Bb6 Kg5 60. Bd8+ Kg6 61. Ke3 Bb1 62. Kf3 e4+ 63. Ke3 Bc5+ 64. Kf4 e3 $1 65. Bh4 e2 66. d6 Bxd6+ 67. Ke3 {[#]} Be7 $1 {[%mdl 512]} 68. Be1 (68. Bxe7 e1=Q+) 68... Kg5 69. Be6 Bc2 70. Bd2 $2 {[%mdl 8192]} (70. Kxe2 $17 Kf4 71. Kd2) 70... Bd1 71. Kf2+ Kf6 (71... Kh4 $142 72. Be1 b3 73. Kf3+ Kg5) 72. Bc4 b3 {Threatens to win with ...b2.} 73. Bxe2 Bc5+ (73... Bc2 $142 {aiming for ...Ba3.} 74. Bb5 Bd6) 74. Ke1 Bxe2 75. Kxe2 {KB-KB} Bd4 76. Kd3 b2 (76... Ba1 $19 77. Bf4 Ke6) 77. Kc2 $17 Ke5 {Hoping for ...Ke4.} 78. Bg5 Ke4 79. Bd8 Kf3 ({Better is} 79... Be5 $17 80. Kb1 Kf3) 80. g5 $11 Kg4 {With the idea ...Kf5.} 81. Bf6 Be3 (81... Bc5 {feels hotter.} 82. Bxb2 Kxg5 83. Kd1 Kg6 84. Ke2 Kf5) 82. Bxb2 Bxg5 {And now ...h5 would win.} 83. Kd3 (83. Bd4 $11) 83... Kf3 $1 $15 {White must now prevent ...h5.} 84. Bc3 $1 h5 {...h4 is the strong threat.} 85. Be1 Bf6 86. Kd2 Bg5+ 87. Kd3 Bd8 88. Kd4 $2 {[%mdl 8192] [#]} (88. Kc4 $17) 88... Bb6+ $1 {Black mates.} 89. Ke5 {[#]} Bc7+ $1 90. Kf5 Bg3 91. Bc3 h4 92. Bd4 h3 93. Bg1 Bf2 {Accuracy: White = 54%, Black = 53%.} 0-1